1820 1883 1307 1021 1635 1702 1774 1173 1610 1344 1125 1912 1266 1899 1312 1698 1018 1965 1996 1009 1112 1623 1149 1142 1033 1052 1196 1020 1684 1324 1737 1128 1603 1081 1079 1229 1804 1077 1648 1712 1707 1839 1729 1366 1778 1408 1714 1270 1631 1916 1443 1901 1996 1199 1199 1324 1675 1810 1022 1816 1867 1314 1762 1897 1936 1102 1957 1625 1982 1596 1736 1086 1083 1815 1070 1906 1856 1517 1803 1010 1224 1116 1115 1132 1567 1278 1648 1714 1259 1837 1160 1267 1961 1633 1197 1501 1756 1603 1360 BCNSPRNW ULIB Ver.6.0+V

เปลี่ยนเป็นภาษาไทย

Change to English
 แสดงรายละเอียดบรรณานุกรม
  กลับหน้าหลัก

Brief Record : Get Marc (ISO 2709) : E-mail record : QR code < ปิดหน้าต่าง
LEADER : 00000nam 2200000uu 4500
001    13399120033
003     ULIB
008    120822s2555||||th 000 0 tha d
020    ^a9789746522113
050  4 ^aHD28^bอ858ก
100 0  ^aอุไรวรรณ แย้มแสงสังข์
245 00 ^aการจัดการองค์ความรู้เบื้องต้น/^cอุไรวรรณ แย้มแสงสังข์
246 0  ^aIntroduction to Knowledge Managament :KM Business.
250    ^aพิมพ์คั้งที่1
260    ^aกรุงเทพ:^bไอกรุ๊ปเพรส,^c2555
300    ^a208หน้า:^bภาพประกอบ
650  7 ^aการจัดการ
650  7 ^aองค์ความรู้
650  4  Knowledge Managament
945    ^p350^l0^i032524
945    ^p350^l0^i032525
995    ^aเกษร
999 ^a ใช้งานได้ทุกระบบ
รายการนี้ยังไม่มีแท็ก
คุณยังไม่ได้ล็อกอิน คุณสามารถมีกิจกรรมร่วมกับเว็บไซต์ได้ แต่ต้องล็อกอินก่อน ::
  ล็อกอิน

รายการสื่อสารสนเทศ

ลำดับที่ ประเภท เลขเรียก/บาร์โค้ด สถานที่ สถานะ
1. การศึกษาทั่วไป
การศึกษาทั่วไป
HD28 อ858ก ฉ.2 
  Barcode: 032525
ห้องสมุดวิทยาเขตนครสวรรค์
►หนังสือทั่วไป:l:General Books
บนชั้น

รายการใกล้เคียง
    ผู้แต่ง [อุไรวรรณ แย้มแสงสังข์]

    หัวเรื่อง [การจัดการ]
    หัวเรื่อง [องค์ความรู้]

BibComment


ยังไม่เคยถูกคอมเมนท์

คอมเมนท์ทรัพยากรรายการนี้
  คอมเมนท์: การจัดการองค์ควา..


 Copyright 2026. Bcnsprnw @Library